Quiz foot #1 - Statistiques

Statistiques générales
  • Ce quiz a été pris 177 fois
  • Le résultat moyen est 12 sur 15
Statistiques - réponses
Hint Réponse % Correct
Quel pays a remporté la Coupe du monde 2018 ? France
100%
Quel joueur a remporté le plus de Ballons d’Or ? Lionel Messi
99%
Combien de joueurs y a-t-il sur le terrain pour une équipe ? 11
94%
Quel club a remporté le plus de Ligues des champions ? Real Madrid
92%
Quel joueur est surnommé « Zizou » ? Zinedine Zidane
92%
Quel pays a remporté la Coupe du monde 2022 ? Argentine
84%
Quel pays a organisé la Coupe du monde 2014 ? Brésil
84%
Quelle compétition oppose les clubs européens chaque année ? Ligue des champions
77%
Qui est le meilleur buteur de l’histoire de l’équipe de France ? Olivier Giroud
77%
Quelle est la durée réglementaire d’un match de football (hors prolongations) ? 90 minutes
76%
Quel est le premier club français à avoir remporté la Ligue des champions ? Olympique de Marseille
76%
Quel club est surnommé « les Reds » ? Liverpool
75%
Quel poste porte généralement le numéro 1 ? Gardien de but
73%
Quel est le surnom de l’équipe nationale d’Italie ? La Squadra Azzurra
42%
Dans quel club Cristiano Ronaldo a-t-il commencé sa carrière professionnelle ? Sporting CP
22%
Aucun quiz correspondant
Distribution des résultats
% des personnes avec chaque résultat
Percentile par nombre de réponses
Votre historique - résultats
Vous n’avez pas pris ce quiz